| 000 | 00704nam a22002177a 4500 | ||
|---|---|---|---|
| 003 | OSt | ||
| 005 | 20210426121004.0 | ||
| 008 | 210203s1953 ||||| |||| 00| 0 eng d | ||
| 020 | _a0671616005 | ||
| 040 |
_aeng _beng _cDLC |
||
| 041 | _aeng | ||
| 080 |
_a008 _bD-92 |
||
| 100 |
_9685 _aDurant, Will |
||
| 245 |
_aThe Renaissance: A History of Civilization in Italy from 1304-1576 A.D. _bThe Story of Civilization: Part 5 _c/ by: Simon and Schuster |
||
| 260 |
_aNew York _bSimon and Schuster _c1953 |
||
| 300 |
_a778 p. _bill. |
||
| 490 | _3The Story of Civilization | ||
| 650 | 0 |
_9410 _aHistory of civilizations |
|
| 653 | _aცივილიზაციის ისტორია | ||
| 942 |
_2udc _cBK |
||
| 999 |
_c1160 _d1160 |
||